| Tag |
First Indicator |
Second Indicator |
Subfields |
| LEADER |
00000cam a2200000 4500 |
| 001 |
in00000047301 |
| 005 |
20151007071417.0 |
| 008 |
800603m19519999nyua b 00000 eng d |
| 035 |
|
|
|a (OCoLC)06384618
|
| 035 |
|
|
|9 AAE5920AM
|
| 040 |
|
|
|a TXA
|c TXA
|d UtOrBLW
|
| 049 |
|
|
|a TXAM
|c 1
|v 1 [423275]
|v 2 [423276]
|
| 090 |
|
|
|a QC177
|b .W63 1951
|
| 092 |
|
|
|a 530.1
|b W624h
|
| 100 |
1 |
|
|a Whittaker, E. T.
|q (Edmund Taylor),
|d 1873-1956.
|
| 245 |
1 |
2 |
|a A history of the theories of aether and electricity.
|
| 250 |
|
|
|a [Rev. and enl. ed.].
|
| 264 |
|
1 |
|a New York :
|b Philosophical Library,
|c 1951-
|
| 300 |
|
|
|a 2 volumes :
|b diagrams ;
|c 25 cm.
|
| 336 |
|
|
|a text
|b txt
|2 rdacontent
|
| 337 |
|
|
|a unmediated
|b n
|2 rdamedia
|
| 338 |
|
|
|a volume
|b nc
|2 rdacarrier
|
| 504 |
|
|
|a Bibliographical footnotes.
|
| 505 |
0 |
|
|a v. 1. The classical theories.--v. 2. The modern theories 1900-1926.
|
| 650 |
|
0 |
|a Ether (Space)
|
| 650 |
|
0 |
|a Electricity
|x History.
|
| 650 |
|
0 |
|a Electromagnetic theory.
|
| 740 |
0 |
|
|a Aether and electricity.
|
| 999 |
|
|
|a MARS
|
| 999 |
f |
f |
|s add10627-48e5-3b4b-b602-e8cd87e82770
|i a15f3115-d0c3-3bb0-a3fe-baebf6cbad93
|t 0
|
| 952 |
f |
f |
|p normal
|a Texas A&M University
|b College Station
|c Sterling C. Evans Library
|d Evans: Library Stacks
|t 0
|e QC177 .W63 1951
|h Library of Congress classification
|i unmediated -- volume
|k v.2
|m A14800909421
|
| 952 |
f |
f |
|p normal
|a Texas A&M University
|b College Station
|c Sterling C. Evans Library
|d Evans: Library Stacks
|t 0
|e QC177 .W63 1951
|h Library of Congress classification
|i unmediated -- volume
|k v.1
|m A14800909413
|
| 998 |
f |
f |
|a QC177 .W63 1951
|s v.1-v.2
|t 0
|l Evans: Library Stacks
|